000
00289nam a2200121Ia 4500
005
20251222144803.0
008
251222s9999||||xx |||||||||||||| ||spa||
082
_a
900M95
245
0
_a
Plaza San Martin
250
_a
1ra.ed.
264
_b
Municipalidad de Lima Metropolitana
942
_c
LIB
999
_c
19802
_d
19802